| 000 | 00678nam a22002057a 4500 | ||
|---|---|---|---|
| 005 | 20230912153108.0 | ||
| 010 | _aENG-137913 | ||
| 020 |
_c810.00 _a9789357051507 |
||
| 035 | _aEN-121445 | ||
| 037 | _bDBAD/PUB | ||
| 082 | _a610.7 | ||
| 100 |
_aParwez, Saroj _956459 |
||
| 245 |
_aComplete Companion For B.SC Nursing GNM/ _cBy Saroj Parwez |
||
| 250 | _a7rd Edn. | ||
| 260 |
_aNoida _bPearson India Education Services Pvt Ltd _c2023 |
||
| 270 |
_aIst Floor, Berger Tower, Plot No C-001A/2 Sector 16B _bNoida _e201301 |
||
| 300 |
_avpp. _c25cm(pbk) _bill. |
||
| 500 | _aGeneral Nursing And Midwifery Entrance Examination | ||
| 942 |
_2ddc _cEN _h610.7 _mPAR |
||
| 999 |
_c197719 _d197719 |
||